| 000 | 00000nam##2200000za#4500 |
| 001 | 9.641158 |
| 003 | CaOODSP |
| 005 | 20250403105354 |
| 007 | cr ||||||||||| |
| 008 | 150407|1993||||xxc|||||o f|0| 0 fre|d |
| 040 | |aCaOODSP|bfre |
| 043 | |an-cn--- |
| 086 | 1 |aCS92-335/1993F-PDF |
| 245 | 00|aLangue maternelle |h[ressource électronique] |
| 246 | 1 |iDeuxième titre de série imprimé sur la couverture : |aRapports techniques du recensement de 1991 |
| 260 | |aOttawa - Ontario : |bStatistique Canada |c1993. |
| 504 | |aBibliographie. |
| 590 | |a13-04-Supp|b2013-02-13 |
| 691 | 07|aLangue|2gcpds |
| 691 | 07|aRecensement|2gcpds |
| 710 | 2 |aStatistique Canada. |
| 775 | 08|tMother tongue |w(CaOODSP)9.697091 |
| 856 | 40|ahttp://publications.gc.ca|qPDF|s1458 Ko|uhttps://publications.gc.ca/collections/collection_2012/statcan/rh-hc/CS92-335-1993-fra.pdf |